书目信息 |
| 题名: |
苏联对军事哲学的研究
|
|
| 作者: | N.A.格鲁季宁 著 ;军事科学院外军部翻译组 译 | |
| 分册: | ||
| 出版信息: | 北京 中国对外翻译出版公司 1982 |
|
| 页数: | 250页 | |
| 开本: | 20cm | |
| 丛书名: | ||
| 单 册: | ||
| 中图分类: | E0-02 | |
| 科图分类: | ||
| 主题词: | 军事理论 | |
| 电子资源: | ||
| ISBN: | ||
| 000 | 00823nam0 2200217 450 | |
| 001 | 0634221734 | |
| 005 | 20061101093756.00 | |
| 010 | @b精装@dCNY2.00 | |
| 100 | @a20061101d1982 km y0chiy0120 ea | |
| 101 | 0 | @achi |
| 102 | @aCN@b110000 | |
| 200 | 1 | @a苏联对军事哲学的研究@Asu lian dui jun shi zhe xue de yan jiu@f(苏)N.A.格鲁季宁著@e辩证法与现代军事@F(su)N.A.ge lu ji ning zhu@g军事科学院外军部翻译组译@Gjun shi ke xue yuan wai jun bu fan yi zu yi |
| 210 | @a北京@c中国对外翻译出版公司@d1982 | |
| 215 | @a250页@d20cm | |
| 517 | 1 | @a辩证法与现代军事@Abian zheng fa yu xian dai jun shi |
| 606 | 0 | @a军事理论 |
| 690 | @aE0-02@v3 | |
| 701 | 0 | @aN.A.格鲁季宁@AN.A.ge lu ji ning@4著 |
| 712 | 0 | @a军事科学院外军部翻译组@Ajun shi ke xue yuan wai jun bu fan yi zu@4译 |
| 801 | 0 | @aCN@bNISOFT@c20061101 |
| 905 | @a10447@dE0-02@e7 | |
| 苏联对军事哲学的研究/(苏)N.A.格鲁季宁著:辩证法与现代军事/军事科学院外军部翻译组译.-北京:中国对外翻译出版公司,1982 |
| 250页;20cm |
| ISBN (精装):CNY2.00 |
| ● |
| 相关链接 |
|
|
|
|
正题名:苏联对军事哲学的研究
索取号:E0-02/7
 
预约/预借
| 序号 | 登录号 | 条形码 | 馆藏地/架位号 | 状态 | 备注 |
| 1 | 0228587 | 901259239 | 第一样本阅览室/ [索取号:E0-02/7] | 在馆 |